Engineering mechanics. (Record no. 554182)
[ view plain ]
| 000 -LEADER | |
|---|---|
| fixed length control field | 00604cam a2200205 a 4500 |
| 020 ## - INTERNATIONAL STANDARD BOOK NUMBER | |
| International Standard Book Number | 0023547618 |
| 082 00 - DEWEY DECIMAL CLASSIFICATION NUMBER | |
| Classification number | 620.1 |
| Author Mark | MER |
| 100 1# - MAIN ENTRY--PERSONAL NAME | |
| Personal name | Meriam, J.L |
| 9 (RLIN) | 13089 |
| 245 10 - TITLE STATEMENT | |
| Title | Engineering mechanics. |
| Remainder of title | Statics |
| 250 ## - EDITION STATEMENT | |
| Edition statement | 8th ed. |
| 260 ## - PUBLICATION, DISTRIBUTION, ETC. | |
| Place of publication, distribution, etc. | India : |
| Name of publisher, distributor, etc. | J Wiley, |
| Date of publication, distribution, etc. | 2017.. |
| 300 ## - PHYSICAL DESCRIPTION | |
| Extent | xv, 513 p. : |
| Other physical details | col. ill. ; |
| Dimensions | 25 cm. |
| 500 ## - GENERAL NOTE | |
| General note | Includes index. |
| 526 ## - STUDY PROGRAM INFORMATION NOTE | |
| Program name | 0 |
| Interest level | 0 |
| Reading level | 0 |
| Title point value | 620_100000000000000_MER |
| 526 ## - STUDY PROGRAM INFORMATION NOTE | |
| Program name | 0 |
| Interest level | 0 |
| Reading level | 0 |
| Title point value | 620_100000000000000_MER |
| 526 ## - STUDY PROGRAM INFORMATION NOTE | |
| Program name | 0 |
| Interest level | 0 |
| Reading level | 0 |
| Title point value | 620_100000000000000_MER |
| 650 #0 - SUBJECT ADDED ENTRY--TOPICAL TERM | |
| Topical term or geographic name entry element | Mechanics, Applied. |
| 9 (RLIN) | 13090 |
| 700 ## - ADDED ENTRY--PERSONAL NAME | |
| Personal name | Kraige, L.G; Bolton, J.N |
| 9 (RLIN) | 51499 |
| 942 ## - ADDED ENTRY ELEMENTS (KOHA) | |
| Source of classification or shelving scheme | |
| Koha item type | Book |
| Withdrawn status | Lost status | Source of classification or shelving scheme | Damaged status | Not for loan | Permanent Location | Current Location | Date acquired | Total Checkouts | Full call number | Barcode | Date last seen | Date last checked out | Price effective from | Koha item type | Total Renewals |
|---|---|---|---|---|---|---|---|---|---|---|---|---|---|---|---|
| Military College of Engineering (MCE) | Military College of Engineering (MCE) | 12/20/2018 | 1 | 620.1 MER | MCE-50732 | 02/11/2020 | 02/11/2020 | 12/20/2018 | Book | ||||||
| Military College of Engineering (MCE) | Military College of Engineering (MCE) | 12/20/2018 | 1 | 620.1 MER | MCE-50733 | 10/19/2020 | 02/20/2020 | 12/20/2018 | Book | 1 | |||||
| Military College of Engineering (MCE) | Military College of Engineering (MCE) | 12/20/2018 | 5 | 620.1 MER | MCE-50734 | 08/20/2020 | 07/16/2020 | 12/20/2018 | Book | 3 |
